Ադրբեջանը քաղաքակրթությունից դուրս = (Record no. 530205)
[ view plain ]
| 000 -LEADER | |
|---|---|
| fixed length control field | 02063nam a22003491a 4500 |
| 001 - CONTROL NUMBER | |
| control field | 001359757 |
| 003 - CONTROL NUMBER IDENTIFIER | |
| control field | AM-YEHGA |
| 005 - DATE AND TIME OF LATEST TRANSACTION | |
| control field | 20250618080142.0 |
| 008 - FIXED-LENGTH DATA ELEMENTS--GENERAL INFORMATION | |
| fixed length control field | 170520s2017 ai a||||r|||||||||0|arm|d |
| 020 ## - INTERNATIONAL STANDARD BOOK NUMBER | |
| International Standard Book Number | 9789939843315 |
| 040 ## - CATALOGING SOURCE | |
| Original cataloging agency | AM-YeHGA |
| 041 1# - LANGUAGE CODE | |
| Language code of text/sound track or separate title | arm |
| Language code of original | eng |
| -- | rus |
| 090 ## - LOCALLY ASSIGNED LC-TYPE CALL NUMBER (OCLC); LOCAL CALL NUMBER (RLIN) | |
| -- | 568770 |
| 100 1# - MAIN ENTRY--PERSONAL NAME | |
| Personal name | Կարապետյան, Սամվել Գևորգի, |
| Dates associated with a name | 1961-2020 |
| 9 (RLIN) | 2029 |
| 245 10 - TITLE STATEMENT | |
| Title | Ադրբեջանը քաղաքակրթությունից դուրս = |
| Remainder of title | Азербайджан вне цивилизации = Azerbaijan out of civilization / |
| Statement of responsibility, etc. | Ս. Կարապետյան ; Խմբագիրներ՝ Է. Աբրահամյան, Ր. Քորթոշյան ; Ռուսերենի թարգմանիչ՝ Ա. Հարությունյան ; Անգլերենի թարգմանիչ և սրբագրիչ Գ. Մովսիսյան ; Հայկական ճարտարապետությունն ուսումնասիրող հիմնադրամ. |
| 246 15 - VARYING FORM OF TITLE | |
| Title proper/short title | Азербайджан вне цивилизации |
| 246 15 - VARYING FORM OF TITLE | |
| Title proper/short title | Azerbaijan out of civilization |
| 260 ## - PUBLICATION, DISTRIBUTION, ETC. | |
| Place of publication, distribution, etc. | Երևան : |
| Name of publisher, distributor, etc. | Հայկական ճարտարապետությունն ուսումնասիրող հիմնադրամ, |
| Date of publication, distribution, etc. | 2017. |
| 300 ## - PHYSICAL DESCRIPTION | |
| Extent | 171 էջ : |
| Other physical details | լուսանկ, ; |
| Dimensions | 30 սմ. |
| 500 ## - GENERAL NOTE | |
| General note | Սյունակագիր: |
| 546 ## - LANGUAGE NOTE | |
| Language note | Բնագիրը՝ հայերեն, ռուսերեն և անգլերեն: |
| 650 10 - SUBJECT ADDED ENTRY--TOPICAL TERM | |
| Topical term or geographic name entry element | Հնագիտություն |
| Geographic subdivision | Հայաստան |
| 650 14 - SUBJECT ADDED ENTRY--TOPICAL TERM | |
| Topical term or geographic name entry element | Հայկական եկեղեցական ճարտարապետություն |
| 650 14 - SUBJECT ADDED ENTRY--TOPICAL TERM | |
| Topical term or geographic name entry element | Մշակութային ցեղասպանություն |
| 700 1# - ADDED ENTRY--PERSONAL NAME | |
| Personal name | Աբրահամյան, Էմմա |
| Relator term | խմբ. |
| Relationship | edt |
| 700 1# - ADDED ENTRY--PERSONAL NAME | |
| Personal name | Քորթոյան, Րաֆֆի |
| Relator term | խմբ. |
| Relationship | edt |
| 700 1# - ADDED ENTRY--PERSONAL NAME | |
| Personal name | Հովհաննիսյան, Հասմիկ |
| Relator term | խմբ. |
| Relationship | edt |
| Relator term | սրբագրիչ |
| Relationship | crr |
| 700 1# - ADDED ENTRY--PERSONAL NAME | |
| Personal name | Հարությունյան, Անահիտ |
| Relator term | թարգմ. |
| Relationship | trl |
| 700 1# - ADDED ENTRY--PERSONAL NAME | |
| Personal name | Մովսիսյան, Գայանե |
| Relator term | թարգմ. |
| Relationship | trl |
| 710 1# - ADDED ENTRY--CORPORATE NAME | |
| Corporate name or jurisdiction name as entry element | Հայկական ճարտարապետությունն ուսումնասիրող հիմնադրամ |
| 9 (RLIN) | 5217 |
| 942 ## - ADDED ENTRY ELEMENTS (KOHA) | |
| Source of classification or shelving scheme | Universal Decimal Classification |
| Koha item type | Գրքեր / Books |
| Withdrawn status | Lost status | Damaged status | Not for loan | Collection | Home library | Current library | Date acquired | Total checkouts | Full call number | Barcode | Date last seen | Price effective from | Koha item type | Public note |
|---|---|---|---|---|---|---|---|---|---|---|---|---|---|---|
| General | Fundamental Scientific Library | Fundamental Scientific Library | 25/03/2024 | AIII/9654 | FL0682094 | 25/03/2024 | 25/03/2024 | Գրքեր / Books | 30 Days Loan | |||||
| General | Fundamental Scientific Library | Fundamental Scientific Library | 25/03/2024 | AIII/9652 | FL0682095 | 25/03/2024 | 25/03/2024 | Գրքեր / Books | 30 Days Loan | |||||
| General | Fundamental Scientific Library | Fundamental Scientific Library | 25/03/2024 | AIII/9653 | FL0682096 | 25/03/2024 | 25/03/2024 | Գրքեր / Books | 30 Days Loan |
ՀՀ Գիտությունների ազգային ակադեմիայի հիմնարար գիտական գրադարան = Fundamental Scientific Library of NAS RA
All site content, except where otherwise noted, is licensed under a